000 00713nam a2200193 a 4500
001 BRCA_2195
005 20190320203717.0
008 020805s1990----mx-#---###---#000-0#spa-d
020 _a9683615430
050 4 _aBH61
_b.C53 1990
100 1 _aClavé, Pelegrín
_96616
245 1 0 _aLecciones estéticas
_cPelegrín Clavé ; transcripción paleográfica José Luis S. López Reyes ; presentación Salvador Moreno Manzano.
260 _aMéxico
_bUNAM, Instituto de Investigaciones Estéticas
_c1990
300 _a151 p.
_c17 cm.
650 1 4 _aEstética
_xEstudio y enseñanza
_96617
700 1 _aLópez Reyes, Jose Luis Sergio
_d1947-1992
_96618
700 1 _aMoreno Manzano, Salvador
_d1916-
_96619
942 _2lcc
_cB
999 _c1951
_d1951